| 000 | 00880nas a2200277 4500 | ||
|---|---|---|---|
| 001 | BR0802467 | ||
| 003 | BR-BrBNA | ||
| 005 | 20231205112009.0 | ||
| 007 | ta | ||
| 008 | 230509b bl.|||p| |||| 00| 00por d | ||
| 040 |
_aBR-BrBNA _bpor _cBiblioteca Nacional de Agricultura |
||
| 041 | _a(En) | ||
| 072 | _aH10; L60 | ||
| 100 | 1 | _aCulik, M. | |
| 100 | 1 | _aMartins, D. dos | |
| 245 | 1 | _aFirst record of Trialeurodes variabilis (Quaintance)(Hemiptera: Aleyrodidae)on carica papaya L. in the State of Espírito Santo | |
| 650 | _aINSETO | ||
| 650 | _aPRAGA DE PLANTA | ||
| 650 | _aMAMÃO | ||
| 650 | _aCARICA PAPAYA | ||
| 650 | _aDISTRIBUIÇÃO GEOGRÁFICA | ||
| 650 | _aESPÍRITO SANTO | ||
| 773 | 0 |
_tNeotropical Entomology (Brazil) _xISSN 1519-566X _g(Sep-Oct 2004), v. 33(5) p. 659-660 _wBR0802467 |
|
| 909 |
_a202311 _bLúcia _c55 _dLúcia Elande |
||
| 942 |
_2AGRIS _n0 _cANA |
||
| 999 |
_c195539 _d195539 |
||